<?xml version="1.0" encoding="UTF-8"?>
<record
    xmlns:xsi="http://www.w3.org/2001/XMLSchema-instance"
    xsi:schemaLocation="http://www.loc.gov/MARC21/slim http://www.loc.gov/standards/marcxml/schema/MARC21slim.xsd"
    xmlns="http://www.loc.gov/MARC21/slim">

  <leader>01921nam a22001817a 4500</leader>
  <controlfield tag="008">120705t        xxu||||| |||| 00| 0 eng d</controlfield>
  <datafield tag="020" ind1=" " ind2=" ">
    <subfield code="a">0030581869</subfield>
  </datafield>
  <datafield tag="050" ind1=" " ind2=" ">
    <subfield code="a">HG4026.W45</subfield>
  </datafield>
  <datafield tag="100" ind1=" " ind2=" ">
    <subfield code="a">Weston, J. Fred</subfield>
  </datafield>
  <datafield tag="245" ind1=" " ind2=" ">
    <subfield code="a">Managerial finance. /</subfield>
    <subfield code="c">Fred J.Weston and Eugene F. Brigham</subfield>
  </datafield>
  <datafield tag="260" ind1=" " ind2=" ">
    <subfield code="a">U.S.A:</subfield>
    <subfield code="b">Dryden,</subfield>
    <subfield code="c">1981.</subfield>
  </datafield>
  <datafield tag="300" ind1=" " ind2=" ">
    <subfield code="a">xv, 1086 p.:</subfield>
    <subfield code="b">ill.;</subfield>
    <subfield code="c">25cm.</subfield>
  </datafield>
  <datafield tag="500" ind1=" " ind2=" ">
    <subfield code="a">Includes  and Index.</subfield>
  </datafield>
  <datafield tag="505" ind1=" " ind2=" ">
    <subfield code="a">Contents: Fundamental concepts of managerial finance: Scope and nature of managerial finance -- The Financial sector of economy -- The Tax environment and forms of business organization -- The Time value of money -- Risk and return -- Valuation relationships -- Financial analysis planning and control: Financial ratio analysis -- Financial forecasting -- Financial planning and control -- Working capital management : Working capital policy -- Current asset management -- Major sources and short-term financing -- Investment decisions: Capital budgeting techniques -- Investment decisions under uncertainty -- Cost of capital and valuation: Financial structure and the use of leverage -- The Cost of capital -- Dividend policy and valuation page -- Long-term financing decisions: Capital markets: institutions and bahavior -- Common stock -- Debt and preferred stock page -- Leasing financing -- Warrants and convertibles -- Intergrated topics in managerial finance: External growth mergers and holding companies -- Reorganization and bankruptcy -- Financial management in small firm -- International business finance  -- Appendix A: Interest tables -- Appendix B:Natural logarithms of numbers between 1.0 and 4.99 1056 -- Appendix C: Tables of accelerated depreciation factors 1057 -- Appendix D:Table of areas under the normal curve1058 -- Appendix E: Answers to selected end of chapter problems 1059 -- Glossary.</subfield>
  </datafield>
  <datafield tag="650" ind1=" " ind2=" ">
    <subfield code="a">Corporations </subfield>
    <subfield code="x"> Finance. </subfield>
  </datafield>
  <datafield tag="700" ind1=" " ind2=" ">
    <subfield code="a">Bgrigham, Eugene F.</subfield>
  </datafield>
  <datafield tag="942" ind1=" " ind2=" ">
    <subfield code="2">lcc</subfield>
    <subfield code="c">BK</subfield>
  </datafield>
  <datafield tag="999" ind1=" " ind2=" ">
    <subfield code="c">1642</subfield>
    <subfield code="d">9142</subfield>
  </datafield>
  <datafield tag="952" ind1=" " ind2=" ">
    <subfield code="0">0</subfield>
    <subfield code="1">0</subfield>
    <subfield code="2">lcc</subfield>
    <subfield code="4">0</subfield>
    <subfield code="7">0</subfield>
    <subfield code="a">WIUC-1</subfield>
    <subfield code="b">WIUC-1</subfield>
    <subfield code="c">GEN</subfield>
    <subfield code="d">2012-07-05</subfield>
    <subfield code="l">0</subfield>
    <subfield code="o">HG4026.W45</subfield>
    <subfield code="p">3242/12</subfield>
    <subfield code="r">2012-07-05 00:00:00</subfield>
    <subfield code="t">1</subfield>
    <subfield code="w">2012-07-05</subfield>
    <subfield code="y">BK</subfield>
  </datafield>
</record>
